[Event "15. Obert Int. Sant Martí 2013 - B"]
[Site "Barcelona ESP"]
[Date "2013.07.16"]
[Round "4.65"]
[White "Cantero Mitjans, Carles"]
[Black "Navarro Pastor, Raul"]
[Result "1/2-1/2"]
[WhiteElo "1639"]
[BlackElo "1448"]
[PlyCount "89"]
[EventDate "2013.07.13"]
[EventType "swiss"]
[EventRounds "9"]
[EventCountry "ESP"]
[SourceTitle "Ajedrez en Madrid"]
[Source "lmi"]
[SourceDate "2013.07.13"]
[SourceVersion "1"]
[SourceVersionDate "2019.06.21"]
[SourceQuality "1"]

1. e4 e6 2. d4 d5 3. exd5 exd5 4. Bd3 Bd6 5. Nc3 Ne7 6. Nf3 c6 7. h3 O-O 8. Ng5
Bf5 9. O-O h6 10. Nf3 Nd7 11. Be3 Qc7 12. Nh4 Bxd3 13. Qxd3 Nb6 14. b3 Rfe8 15.
Ne2 Nd7 16. c4 Nf6 17. Nc3 Rac8 18. Rac1 Bb4 19. Bd2 Ne4 20. Nxe4 dxe4 21. Qe3
Ba3 22. Rce1 f5 23. g3 g5 24. Ng2 Ng6 25. h4 Be7 26. h5 Nf8 27. f4 Ne6 28. Bc3
Bd6 29. Rd1 Rcd8 30. Bb2 Qb6 31. Rc1 c5 32. d5 Nd4 33. Ne1 g4 34. Rd1 a5 35.
Bxd4 cxd4 36. Rxd4 Bc5 37. Nc2 Bxd4 38. Nxd4 Rf8 39. Nc2 Qxe3+ 40. Nxe3 Rf6 41.
Kf2 Kf7 42. Rd1 Ke7 43. Ke2 Kd6 44. Kd2 Kc5 45. Kc3 1/2-1/2

[Event "15. Obert Int. Sant Martí 2013 - B"]
[Site "Barcelona ESP"]
[Date "2013.07.16"]
[Round "4.66"]
[White "Santolaria Sanz, Xavier"]
[Black "Mir Bellmunt, Jose"]
[Result "1-0"]
[WhiteElo "1624"]
[BlackElo "1442"]
[PlyCount "79"]
[EventDate "2013.07.13"]
[EventType "swiss"]
[EventRounds "9"]
[EventCountry "ESP"]
[SourceTitle "Ajedrez en Madrid"]
[Source "lmi"]
[SourceDate "2013.07.13"]
[SourceVersion "1"]
[SourceVersionDate "2019.06.21"]
[SourceQuality "1"]

1. e4 d5 2. exd5 Qxd5 3. Nc3 Qa5 4. d4 c6 5. Bc4 e6 6. Nf3 Nf6 7. Bd2 Qc7 8.
Qe2 Bd6 9. Ne4 Nxe4 10. Qxe4 Nd7 11. Qg4 g6 12. Bh6 Nb6 13. Bb3 e5 14. Qg5 exd4
15. Qf6 Qe7+ 16. Qxe7+ Bxe7 17. Bg7 Rg8 18. Bxd4 c5 19. Ne5 cxd4 20. Bxf7+ Kf8
21. Bxg8 Kxg8 22. O-O-O Bc5 23. f4 Bf5 24. Rhe1 Rc8 25. g4 Be6 26. a3 Nd5 27.
f5 Bf7 28. b4 Bxb4 29. axb4 Nxb4 30. Nxf7 Kxf7 31. Rd2 d3 32. c3 Rxc3+ 33. Kb2
Rc5 34. fxg6+ hxg6 35. Rf2+ Kg7 36. Re7+ Kh6 37. Rxb7 a5 38. h4 Rc4 39. Rff7 g5
40. Rf6# 1-0

[Event "15. Obert Int. Sant Martí 2013 - B"]
[Site "Barcelona ESP"]
[Date "2013.07.16"]
[Round "4.67"]
[White "Fernandez Benito, Carlos Pablo"]
[Black "Lopez Pujol, Hector"]
[Result "1-0"]
[WhiteElo "1624"]
[BlackElo "1885"]
[PlyCount "57"]
[EventDate "2013.07.13"]
[EventType "swiss"]
[EventRounds "9"]
[EventCountry "ESP"]
[SourceTitle "Ajedrez en Madrid"]
[Source "lmi"]
[SourceDate "2013.07.13"]
[SourceVersion "1"]
[SourceVersionDate "2019.06.21"]
[SourceQuality "1"]

1. d4 Nf6 2. Nf3 g6 3. Bf4 Bg7 4. h3 d6 5. e3 c5 6. Be2 Qa5+ 7. Nbd2 Ne4 8. c3
Nxd2 9. Qxd2 Nd7 10. O-O Nf6 11. dxc5 Qxc5 12. Rfd1 O-O 13. Bh2 Ne4 14. Qc2 f5
15. Qb3+ Kh8 16. Nd4 e5 17. Ne6 Bxe6 18. Qxe6 f4 19. Qd5 fxe3 20. Qxe4 Rxf2 21.
Qc4 Raf8 22. Rf1 Rxf1+ 23. Rxf1 Rxf1+ 24. Kxf1 Qxc4 25. Bxc4 a6 26. Ke2 b5 27.
Bd5 Bh6 28. Bg1 Bg7 29. Bxe3 1-0

[Event "15. Obert Int. Sant Martí 2013 - B"]
[Site "Barcelona ESP"]
[Date "2013.07.16"]
[Round "4.74"]
[White "Guinjoan Fradera, Joan"]
[Black "Cuxart Taltavull, Albert"]
[Result "0-1"]
[WhiteElo "1547"]
[BlackElo "1741"]
[PlyCount "37"]
[EventDate "2013.07.13"]
[EventType "swiss"]
[EventRounds "9"]
[EventCountry "ESP"]
[SourceTitle "Ajedrez en Madrid"]
[Source "lmi"]
[SourceDate "2013.07.13"]
[SourceVersion "1"]
[SourceVersionDate "2019.06.21"]
[SourceQuality "1"]

1. e4 c5 2. c4 Nc6 3. Nf3 Nf6 4. Nc3 g6 5. d3 Bg7 6. Be2 O-O 7. O-O a6 8. a4 d6
9. Rb1 e6 10. Bg5 a5 11. h3 Re8 12. Be3 Nb4 13. d4 b6 14. d5 exd5 15. exd5 Bf5
16. Rc1 Ne4 17. g4 Bd7 18. Bd3 Nxc3 19. bxc3 0-1

[Event "15. Obert Int. Sant Martí 2013 - B"]
[Site "Barcelona ESP"]
[Date "2013.07.16"]
[Round "4.75"]
[White "Romeo Ros, Joaquin"]
[Black "Bienvenido Kleque, Jose"]
[Result "1-0"]
[WhiteElo "1688"]
[BlackElo "1513"]
[PlyCount "78"]
[EventDate "2013.07.13"]
[EventType "swiss"]
[EventRounds "9"]
[EventCountry "ESP"]
[SourceTitle "Ajedrez en Madrid"]
[Source "lmi"]
[SourceDate "2013.07.13"]
[SourceVersion "1"]
[SourceVersionDate "2019.06.21"]
[SourceQuality "1"]

1. d4 Nf6 2. c4 e6 3. Nc3 d5 4. Nf3 b6 5. cxd5 exd5 6. Bg5 Be7 7. e3 O-O 8. Bd3
Bb7 9. O-O Nbd7 10. Qb1 h6 11. Bf4 a6 12. b4 Re8 13. Rc1 Nf8 14. Bxc7 Qxc7 15.
Nxd5 Qxc1+ 16. Qxc1 Nxd5 17. a3 Rec8 18. Qd2 Rc7 19. e4 Nf6 20. d5 Nxd5 21.
exd5 Bxd5 22. Bh7+ Nxh7 23. Qxd5 Rd8 24. Qe4 Nf6 25. Qe2 b5 26. Re1 Bf8 27. Ne5
Bd6 28. f4 Re8 29. Qf3 Rec8 30. Qb3 Bxe5 31. fxe5 Re7 32. e6 Rcc7 33. exf7+
Rxf7 34. Rd1 Rc4 35. Rd8+ Kh7 36. Qb1+ g6 37. Rd6 Kg7 38. Qb2 Rf4 39. g3 Re4
1-0

[Event "15. Obert Int. Sant Martí 2013 - B"]
[Site "Barcelona ESP"]
[Date "2013.07.16"]
[Round "4.76"]
[White "Bernat Pascual, Magi"]
[Black "Lopez Mayoral, Miguel Angel"]
[Result "1-0"]
[WhiteElo "1511"]
[BlackElo "1645"]
[PlyCount "105"]
[EventDate "2013.07.13"]
[EventType "swiss"]
[EventRounds "9"]
[EventCountry "ESP"]
[SourceTitle "Ajedrez en Madrid"]
[Source "lmi"]
[SourceDate "2013.07.13"]
[SourceVersion "1"]
[SourceVersionDate "2019.06.21"]
[SourceQuality "1"]

1. d4 b6 2. c4 Bb7 3. Nc3 e6 4. e3 Nf6 5. Nf3 Be7 6. Bd3 O-O 7. O-O d5 8. cxd5
exd5 9. Qc2 Ba6 10. Bd2 Re8 11. Rac1 Bxd3 12. Qxd3 Nbd7 13. Ng5 Nf8 14. Rc2 Ne6
15. Nxe6 fxe6 16. Rfc1 c5 17. dxc5 bxc5 18. b3 Rf8 19. Na4 Qd6 20. Nxc5 Ng4 21.
f4 e5 22. Qe2 Nf6 23. Qf3 e4 24. Qh3 Rab8 25. Qe6+ Kh8 26. Qxd6 Bxd6 27. Ne6
Rfe8 28. Ng5 Rf8 29. Rc6 Ba3 30. R1c2 Ra8 31. Rc7 h6 32. Ne6 Rg8 33. Rb7 Bd6
34. Rc6 Ne8 35. Rb5 Nf6 36. Rxd6 Rgc8 37. Rc5 Rxc5 38. Nxc5 Rc8 39. b4 a5 40.
a3 axb4 41. axb4 Ra8 42. Ra6 Rb8 43. Kf2 Ng4+ 44. Kg3 h5 45. h3 Nf6 46. Kf2 Ne8
47. Ra5 Nf6 48. Na4 Rc8 49. Nc3 Rd8 50. b5 d4 51. exd4 Rxd4 52. Ke2 Nd7 53. Ra4
1-0

[Event "15. Obert Int. Sant Martí 2013 - B"]
[Site "Barcelona ESP"]
[Date "2013.07.16"]
[Round "4.77"]
[White "Rodriguez Monago, Juan Antonio"]
[Black "Ballve Monte, Antoni"]
[Result "1/2-1/2"]
[WhiteElo "1445"]
[BlackElo "1638"]
[PlyCount "61"]
[EventDate "2013.07.13"]
[EventType "swiss"]
[EventRounds "9"]
[EventCountry "ESP"]
[SourceTitle "Ajedrez en Madrid"]
[Source "lmi"]
[SourceDate "2013.07.13"]
[SourceVersion "1"]
[SourceVersionDate "2019.06.21"]
[SourceQuality "1"]

1. d4 Nf6 2. c4 e6 3. Nc3 d5 4. cxd5 exd5 5. Bg5 Be7 6. Nf3 Nc6 7. e3 a6 8. Bd3
Bg4 9. O-O Qd7 10. a3 b5 11. b4 Bh5 12. h3 Bg6 13. Qc2 Nd8 14. Ne5 Bxd3 15.
Qxd3 Qe6 16. Rfc1 Bd6 17. Bf4 h6 18. Ne2 Nh5 19. Bh2 O-O 20. Rc2 Nf6 21. Rac1
Rc8 22. Nf3 Bxh2+ 23. Nxh2 c6 24. Nf3 Ne4 25. Ne5 f6 26. Ng6 Rf7 27. f3 Ng5 28.
Nef4 Qd6 29. Rc5 Rfc7 30. Qc2 Nde6 31. Rc3 1/2-1/2

[Event "15. Obert Int. Sant Martí 2013 - B"]
[Site "Barcelona ESP"]
[Date "2013.07.16"]
[Round "4.79"]
[White "Bernat Mor, Juli"]
[Black "Tahay, Romain"]
[Result "0-1"]
[WhiteElo "1249"]
[BlackElo "1553"]
[PlyCount "100"]
[EventDate "2013.07.13"]
[EventType "swiss"]
[EventRounds "9"]
[EventCountry "ESP"]
[SourceTitle "Ajedrez en Madrid"]
[Source "lmi"]
[SourceDate "2013.07.13"]
[SourceVersion "1"]
[SourceVersionDate "2019.06.21"]
[SourceQuality "1"]

1. e4 c5 2. Nf3 Nc6 3. d4 cxd4 4. Nxd4 Nf6 5. Nc3 d6 6. h3 a6 7. Be2 g6 8. O-O
Bg7 9. a4 Nxe4 10. Nxc6 Nxc3 11. Nxd8 Nxd1 12. Rxd1 Kxd8 13. Rb1 Bf5 14. Bd3
Bxd3 15. Rxd3 Rc8 16. Rb3 Kc7 17. Re3 Rhe8 18. Rf3 f5 19. c4 Kb8 20. b3 Bd4 21.
h4 e5 22. Rd3 Re6 23. Be3 Bxe3 24. Rxe3 Rc5 25. Rc3 b5 26. b4 Rxc4 27. Rcb3 d5
28. axb5 axb5 29. g3 Ra6 30. Kg2 e4 31. R1b2 Kc7 32. f3 Kd6 33. Re2 Ra4 34.
fxe4 Rxe4 35. Rc2 Raxb4 36. Rxb4 Rxb4 37. Rc8 Rg4 38. Rd8+ Kc5 39. Rc8+ Kb4 40.
Rd8 d4 41. Kh3 Kb3 42. Rd5 b4 43. Rd7 h5 44. Re7 Re4 45. Rg7 Re6 46. Rd7 Kc4
47. Rc7+ Kb5 48. Rb7+ Rb6 49. Rd7 b3 50. Rxd4 b2 0-1

[Event "15. Obert Int. Sant Martí 2013 - B"]
[Site "Barcelona ESP"]
[Date "2013.07.16"]
[Round "4.80"]
[White "Perez Garcia, Francisco Jose"]
[Black "Orts Gonzalez, Rafael"]
[Result "1-0"]
[WhiteElo "1840"]
[BlackElo "1269"]
[PlyCount "69"]
[EventDate "2013.07.13"]
[EventType "swiss"]
[EventRounds "9"]
[EventCountry "ESP"]
[SourceTitle "Ajedrez en Madrid"]
[Source "lmi"]
[SourceDate "2013.07.13"]
[SourceVersion "1"]
[SourceVersionDate "2019.06.21"]
[SourceQuality "1"]

1. e4 e5 2. Nf3 d6 3. d4 Nc6 4. Bc4 h6 5. dxe5 Bg4 6. Nc3 Bxf3 7. gxf3 Nxe5 8.
Bb3 c6 9. Be3 Qf6 10. f4 Nd7 11. Qe2 Qh4 12. O-O-O g5 13. Bd4 Qxf4+ 14. Kb1 Rh7
15. Rhg1 h5 16. Be3 Qxh2 17. Bxg5 Qe5 18. f4 Qh8 19. Qd3 Nc5 20. Qc4 Nxb3 21.
Qxb3 Be7 22. Qxb7 Rd8 23. Qxc6+ Kf8 24. e5 Bxg5 25. Rxg5 Ne7 26. Qc7 Rc8 27.
Rxd6 Re8 28. Rd7 Ng6 29. Rxg6 Rg7 30. Qd6+ Kg8 31. Rd8 Rxd8 32. Qxd8+ Kh7 33.
Rh6+ Kxh6 34. Qxh8+ Kg6 35. f5+ 1-0

[Event "15. Obert Int. Sant Martí 2013 - B"]
[Site "Barcelona ESP"]
[Date "2013.07.16"]
[Round "4.81"]
[White "Antequera Garcia, Luis"]
[Black "Vargas Ramirez, Ana Maria"]
[Result "1/2-1/2"]
[WhiteElo "1310"]
[BlackElo "1836"]
[PlyCount "64"]
[EventDate "2013.07.13"]
[EventType "swiss"]
[EventRounds "9"]
[EventCountry "ESP"]
[SourceTitle "Ajedrez en Madrid"]
[Source "lmi"]
[SourceDate "2013.07.13"]
[SourceVersion "1"]
[SourceVersionDate "2019.06.21"]
[SourceQuality "1"]

1. e4 c5 2. Bc4 e6 3. Nf3 d5 4. exd5 exd5 5. Be2 Nf6 6. Nc3 d4 7. Nb5 a6 8. Na3
Bd6 9. c3 Nc6 10. cxd4 cxd4 11. Nc4 Bc7 12. d3 h6 13. O-O O-O 14. b3 Re8 15.
Bb2 Bg4 16. Qd2 b5 17. Na3 Qd6 18. g3 Rxe2 19. Qxe2 Ne5 20. Qxe5 Qd7 21. Qxd4
Qc6 22. Ne5 Bxe5 23. Qxe5 Bh3 24. f3 Re8 25. Qc3 Qb7 26. Nc2 Re2 27. Nd4 Rg2+
28. Kh1 Ng4 29. Qc6 Rxh2+ 30. Kg1 Rg2+ 31. Kh1 Rh2+ 32. Kg1 Rg2+ 1/2-1/2

[Event "15. Obert Int. Sant Martí 2013 - B"]
[Site "Barcelona ESP"]
[Date "2013.07.17"]
[Round "5.1"]
[White "Esteban Bruguera, German"]
[Black "Esteban Lupianez, Jose Miguel"]
[Result "1/2-1/2"]
[WhiteElo "1896"]
[BlackElo "1788"]
[PlyCount "151"]
[EventDate "2013.07.13"]
[EventType "swiss"]
[EventRounds "9"]
[EventCountry "ESP"]
[SourceTitle "Ajedrez en Madrid"]
[Source "lmi"]
[SourceDate "2013.07.13"]
[SourceVersion "1"]
[SourceVersionDate "2019.06.21"]
[SourceQuality "1"]

1. e4 c5 2. Nf3 Nc6 3. d4 cxd4 4. Nxd4 g6 5. Nc3 Bg7 6. Be3 d6 7. Bc4 Nf6 8. f3
O-O 9. Qd2 a6 10. O-O-O Ne5 11. Bb3 Bd7 12. h4 h5 13. Bh6 b5 14. Bxg7 Kxg7 15.
Qg5 Nh7 16. Qe3 Rc8 17. Kb1 Nc4 18. Bxc4 Rxc4 19. g4 Nf6 20. gxh5 Nxh5 21. Rdg1
Rc5 22. Nd5 Rh8 23. Nb3 Rc4 24. Nd4 e5 25. Ne2 Be6 26. Rd1 f5 27. Qa7+ Kh6 28.
Qe3+ f4 29. Nexf4 exf4 30. Nxf4 Nxf4 31. Qxf4+ Kg7 32. Rxd6 Qf6 33. Qxf6+ Kxf6
34. Rxa6 Rd4 35. c3 Rd3 36. f4 Rf3 37. f5 gxf5 38. exf5 Rxf5 39. a4 bxa4 40.
Rxa4 Bd5 41. Rh2 Bb3 42. Ra6+ Ke7 43. Re2+ Kd7 44. Ra7+ Kc6 45. Re1 Rxh4 46.
Ra3 Re4 47. Rg1 Rg5 48. Rh1 Rh4 49. Rf1 Bc4 50. Re1 Rg2 51. b3 Bd3+ 52. Ka1 Rc2
53. Ra2 Rxc3 54. Kb2 Rc5 55. Ra4 Rh2+ 56. Ka3 Rb5 57. Rc1+ Kd5 58. Rg1 Rf2 59.
Rg5+ Bf5 60. Rb4 Rc5 61. Rh4 Rc3 62. Rh8 Rff3 63. Rb8 Ke6 64. Rb6+ Kf7 65. Rb7+
Kf6 66. Rg8 Ke5 67. Re8+ Kd4 68. Rd8+ Ke3 69. Re7+ Be4 70. Rde8 Rf4 71. Kb2
Rc2+ 72. Ka3 Kd4 73. Rd8+ Bd5 74. Red7 Rf5 75. Kb4 Rc3 76. Rxd5+ 1/2-1/2

[Event "15. Obert Int. Sant Martí 2013 - B"]
[Site "Barcelona ESP"]
[Date "2013.07.17"]
[Round "5.2"]
[White "Lopez Pujol, Hector"]
[Black "Hinarejos Montano, Andres"]
[Result "1-0"]
[WhiteElo "1885"]
[BlackElo "1610"]
[PlyCount "69"]
[EventDate "2013.07.13"]
[EventType "swiss"]
[EventRounds "9"]
[EventCountry "ESP"]
[SourceTitle "Ajedrez en Madrid"]
[Source "lmi"]
[SourceDate "2013.07.13"]
[SourceVersion "1"]
[SourceVersionDate "2019.06.21"]
[SourceQuality "1"]

1. e4 g6 2. Bc4 e6 3. Nc3 Bg7 4. Nf3 a6 5. a3 Ne7 6. d4 b5 7. Ba2 Bb7 8. h4 c5
9. h5 cxd4 10. Nxd4 Nbc6 11. Nf3 h6 12. hxg6 Nxg6 13. Be3 Rc8 14. Qd2 Nce5 15.
Nxe5 Bxe5 16. Rxh6 Rxh6 17. Bxh6 Qh4 18. O-O-O Bc6 19. f3 Nf4 20. Kb1 Qxh6 21.
g3 Qf6 22. gxf4 Bxf4 23. Qd3 Ke7 24. Re1 Be5 25. Ne2 Bxb2 26. Rd1 Bxa3 27.
Qxa3+ Ke8 28. Rg1 Qh8 29. Nd4 Bb7 30. Qd6 Rd8 31. Rd1 Qf6 32. Rg1 Qh8 33. Nf5
exf5 34. exf5 Qf8 35. Re1+ 1-0

[Event "15. Obert Int. Sant Martí 2013 - B"]
[Site "Barcelona ESP"]
[Date "2013.07.17"]
[Round "5.3"]
[White "Aguilera Bonaque, Juan Carlos"]
[Black "Moreno Perez, Norberto"]
[Result "0-1"]
[WhiteElo "1957"]
[BlackElo "1920"]
[PlyCount "84"]
[EventDate "2013.07.13"]
[EventType "swiss"]
[EventRounds "9"]
[EventCountry "ESP"]
[SourceTitle "Ajedrez en Madrid"]
[Source "lmi"]
[SourceDate "2013.07.13"]
[SourceVersion "1"]
[SourceVersionDate "2019.06.21"]
[SourceQuality "1"]

1. f4 d5 2. Nf3 Nc6 3. g3 Bg4 4. Ne5 Nxe5 5. fxe5 d4 6. Bg2 c6 7. O-O Qc7 8. c3
Qxe5 9. Qb3 O-O-O 10. cxd4 Qxd4+ 11. e3 Qd7 12. Qxf7 Nf6 13. Qc4 h5 14. Rf2 h4
15. b4 Be6 16. Qc5 hxg3 17. hxg3 Qc7 18. Qg5 Bd5 19. Nc3 Bxg2 20. Rxg2 Rh5 21.
Qg6 Qe5 22. Qc2 Rh3 23. Bb2 Qh5 24. Rf1 e6 25. Kf2 Bxb4 26. Ke1 Bd6 27. Ne4
Nxe4 28. Qxe4 Rxg3 29. Qxe6+ Kb8 30. Rgf2 Rg6 31. Qf5 Rg5 32. Qf3 Bg3 33. Qxh5
Rxh5 34. Bxg7 Rg8 35. Bc3 Rf8 36. Ke2 Rxf2+ 37. Rxf2 Bxf2 38. Kxf2 c5 39. Kf3
Kc7 40. e4 b5 41. a3 Rh1 42. d4 Rh3+ 0-1

[Event "15. Obert Int. Sant Martí 2013 - B"]
[Site "Barcelona ESP"]
[Date "2013.07.17"]
[Round "5.4"]
[White "Ayza Casamitjana, Antoni"]
[Black "Iglesias Garcia, Jorge"]
[Result "0-1"]
[WhiteElo "1860"]
[BlackElo "1956"]
[PlyCount "84"]
[EventDate "2013.07.13"]
[EventType "swiss"]
[EventRounds "9"]
[EventCountry "ESP"]
[SourceTitle "Ajedrez en Madrid"]
[Source "lmi"]
[SourceDate "2013.07.13"]
[SourceVersion "1"]
[SourceVersionDate "2019.06.21"]
[SourceQuality "1"]

1. e4 e6 2. Nf3 d5 3. exd5 exd5 4. d4 Bd6 5. c4 c6 6. cxd5 cxd5 7. Nc3 Ne7 8.
Bd3 Bg4 9. h3 Bh5 10. Qa4+ Nbc6 11. Ne5 O-O 12. Nxc6 bxc6 13. O-O Bc7 14. Ne2
Re8 15. Qc2 Bxe2 16. Bxe2 Qd6 17. g3 Ng6 18. Bg4 Re4 19. Rd1 Rae8 20. Qc3 Rf8
21. Bf3 Re6 22. Bd2 f5 23. Re1 f4 24. Rxe6 Qxe6 25. g4 Nh4 26. Re1 Qd7 27. Qd3
Re8 28. Rxe8+ Qxe8 29. Qe2 Nxf3+ 30. Qxf3 Qe4 31. Qxe4 dxe4 32. Kf1 Kf7 33. Ke2
Ke6 34. Bc3 Kd5 35. f3 Bb6 36. fxe4+ Kxe4 37. d5 cxd5 38. Bxg7 d4 39. b4 d3+
40. Kf1 d2 41. Ke2 Be3 42. Bc3 f3+ 0-1

[Event "15. Obert Int. Sant Martí 2013 - B"]
[Site "Barcelona ESP"]
[Date "2013.07.17"]
[Round "5.5"]
[White "Berstad, Joerund"]
[Black "Catalan Escale, Enric"]
[Result "1/2-1/2"]
[WhiteElo "1849"]
[BlackElo "1988"]
[PlyCount "89"]
[EventDate "2013.07.13"]
[EventType "swiss"]
[EventRounds "9"]
[EventCountry "ESP"]
[SourceTitle "Ajedrez en Madrid"]
[Source "lmi"]
[SourceDate "2013.07.13"]
[SourceVersion "1"]
[SourceVersionDate "2019.06.21"]
[SourceQuality "1"]

1. e4 c5 2. Nf3 d6 3. c4 Nc6 4. d4 cxd4 5. Nxd4 Nf6 6. Nc3 g6 7. Be2 Bg7 8. Be3
O-O 9. O-O Nxd4 10. Bxd4 b6 11. f3 Bb7 12. b4 Ne8 13. Bxg7 Nxg7 14. Qb3 Ne6 15.
Rfd1 Qc7 16. Rac1 Rac8 17. Nb5 Qb8 18. a4 a6 19. Nc3 Rc7 20. Nd5 Bxd5 21. exd5
Nf4 22. Bf1 Nh5 23. Qe3 Nf6 24. Rb1 Re8 25. Qg5 Nd7 26. f4 Qa7 27. Kh1 a5 28.
h4 axb4 29. Rxb4 Nc5 30. h5 Ne4 31. Qh4 b5 32. c5 Nxc5 33. hxg6 fxg6 34. f5 e5
35. axb5 Rf7 36. fxg6 hxg6 37. Qg5 Rh7+ 38. Rh4 Rxh4+ 39. Qxh4 Re7 40. Qf2 Rf7
41. Qe3 Qa4 42. Rc1 Qh4+ 43. Kg1 Rh7 44. Ra1 Qh2+ 45. Kf2 1/2-1/2

[Event "15. Obert Int. Sant Martí 2013 - B"]
[Site "Barcelona ESP"]
[Date "2013.07.17"]
[Round "5.6"]
[White "Garrido Prats, Diego"]
[Black "Alvarez Serrano, Carlos"]
[Result "0-1"]
[WhiteElo "1776"]
[BlackElo "1894"]
[PlyCount "46"]
[EventDate "2013.07.13"]
[EventType "swiss"]
[EventRounds "9"]
[EventCountry "ESP"]
[SourceTitle "Ajedrez en Madrid"]
[Source "lmi"]
[SourceDate "2013.07.13"]
[SourceVersion "1"]
[SourceVersionDate "2019.06.21"]
[SourceQuality "1"]

1. d4 Nf6 2. Bf4 c5 3. c3 Qb6 4. Qb3 Qxb3 5. axb3 cxd4 6. cxd4 Nc6 7. Nf3 d5 8.
Nc3 Bg4 9. e3 Bxf3 10. gxf3 Rc8 11. Be2 e6 12. h4 Bb4 13. O-O h6 14. Ra4 a6 15.
Rc1 Kd7 16. Be5 Be7 17. e4 Rhd8 18. Rd1 Ke8 19. Raa1 Kf8 20. Bxf6 Bxf6 21. e5
Bxh4 22. Na4 Be7 23. Rac1 Nxd4 0-1

[Event "15. Obert Int. Sant Martí 2013 - B"]
[Site "Barcelona ESP"]
[Date "2013.07.17"]
[Round "5.7"]
[White "Walter Travella, German"]
[Black "Albert Estebanez, Carles"]
[Result "1-0"]
[WhiteElo "1973"]
[BlackElo "1734"]
[PlyCount "49"]
[EventDate "2013.07.13"]
[EventType "swiss"]
[EventRounds "9"]
[EventCountry "ESP"]
[SourceTitle "Ajedrez en Madrid"]
[Source "lmi"]
[SourceDate "2013.07.13"]
[SourceVersion "1"]
[SourceVersionDate "2019.06.21"]
[SourceQuality "1"]

1. c4 e5 2. Nc3 Nf6 3. Nf3 Nc6 4. g3 d6 5. Bg2 Be7 6. O-O O-O 7. Ne1 Bd7 8. h3
Ne8 9. Nc2 a5 10. Nd5 Qc8 11. Kh2 f5 12. d4 f4 13. gxf4 exf4 14. Bxf4 Nf6 15.
Nxe7+ Nxe7 16. e4 Nxe4 17. Bxe4 Rxf4 18. Qd3 Rh4 19. Bg2 Ng6 20. Qg3 Rh6 21.
Rg1 Kh8 22. f4 Nh4 23. Bxb7 Nf3+ 24. Qxf3 Rxh3+ 25. Qxh3 1-0

[Event "15. Obert Int. Sant Martí 2013 - B"]
[Site "Barcelona ESP"]
[Date "2013.07.17"]
[Round "5.8"]
[White "Corominas Garrido, Antonio"]
[Black "Masferrer Niubo, Enric"]
[Result "0-1"]
[WhiteElo "1807"]
[BlackElo "1961"]
[PlyCount "60"]
[EventDate "2013.07.13"]
[EventType "swiss"]
[EventRounds "9"]
[EventCountry "ESP"]
[SourceTitle "Ajedrez en Madrid"]
[Source "lmi"]
[SourceDate "2013.07.13"]
[SourceVersion "1"]
[SourceVersionDate "2019.06.21"]
[SourceQuality "1"]

1. c4 Nf6 2. Nc3 g6 3. g3 Bg7 4. Bg2 e5 5. d3 d6 6. Nf3 O-O 7. O-O c6 8. Rb1 h6
9. b4 Be6 10. Nd2 Qd7 11. Re1 d5 12. cxd5 cxd5 13. Nb3 b6 14. a3 Nc6 15. b5 Ne7
16. d4 e4 17. Nd2 Rac8 18. Na2 Nh7 19. e3 Ng5 20. Bf1 Bg4 21. Be2 Bxe2 22. Qxe2
Rc2 23. Rb2 Nf3+ 24. Kg2 Rxb2 25. Bxb2 Nxe1+ 26. Qxe1 Qxb5 27. Bc1 Rc8 28. Qd1
Nf5 29. a4 Qd3 30. Nb4 Qxe3 0-1

[Event "15. Obert Int. Sant Martí 2013 - B"]
[Site "Barcelona ESP"]
[Date "2013.07.17"]
[Round "5.9"]
[White "Blesa Fernandez, Francisco"]
[Black "Carballo Cancela, Manuel"]
[Result "1-0"]
[WhiteElo "1951"]
[BlackElo "1850"]
[PlyCount "61"]
[EventDate "2013.07.13"]
[EventType "swiss"]
[EventRounds "9"]
[EventCountry "ESP"]
[SourceTitle "Ajedrez en Madrid"]
[Source "lmi"]
[SourceDate "2013.07.13"]
[SourceVersion "1"]
[SourceVersionDate "2019.06.21"]
[SourceQuality "1"]

1. Na3 Na6 2. Nh3 Nh6 3. Nc4 Nc5 4. Nf4 Nf5 5. Na3 Na6 6. Nh3 Nh6 7. Nb1 Nb8 8.
Ng1 Ng8 9. d4 d5 10. c4 dxc4 11. e3 e6 12. Bxc4 Nf6 13. Nf3 c5 14. O-O cxd4 15.
exd4 Be7 16. Nc3 O-O 17. Bg5 a6 18. Qe2 b5 19. Bd3 Bb7 20. Rad1 Re8 21. Rfe1
Nbd7 22. Ne5 Nf8 23. Bxf6 Bxf6 24. Ne4 Ng6 25. Qh5 Bxe4 26. Bxe4 Rc8 27. Re3
Bg5 28. Rh3 Bh6 29. Ng4 Qg5 30. Nxh6+ gxh6 31. Qxh6 1-0

[Event "15. Obert Int. Sant Martí 2013 - B"]
[Site "Barcelona ESP"]
[Date "2013.07.17"]
[Round "5.10"]
[White "Saiz Rodrigo, Josep Fernando"]
[Black "Poyato Ruiz, Fernando"]
[Result "1-0"]
[WhiteElo "1950"]
[BlackElo "1849"]
[PlyCount "117"]
[EventDate "2013.07.13"]
[EventType "swiss"]
[EventRounds "9"]
[EventCountry "ESP"]
[SourceTitle "Ajedrez en Madrid"]
[Source "lmi"]
[SourceDate "2013.07.13"]
[SourceVersion "1"]
[SourceVersionDate "2019.06.21"]
[SourceQuality "1"]

1. e4 e6 2. Nc3 d5 3. Nf3 d4 4. Ne2 c5 5. Ng3 Nf6 6. a3 a5 7. Bc4 Nc6 8. d3 Be7
9. O-O O-O 10. h3 Qc7 11. Ne1 Ne5 12. Ba2 b5 13. f4 Ng6 14. Nh5 Bb7 15. f5 exf5
16. Nxf6+ Bxf6 17. Rxf5 Bc8 18. Rf1 Ra6 19. Qh5 Re8 20. Bd2 Re5 21. Qe2 Re7 22.
Nf3 Bb7 23. Ng5 h6 24. Nf3 c4 25. Nh2 Ne5 26. Bf4 c3 27. bxc3 Qxc3 28. Qd2 Rc6
29. Rfc1 Rec7 30. Qf2 Qb2 31. Bb3 a4 32. Rcb1 Qc3 33. Bd2 Qc5 34. Bd5 Ra6 35.
Bb4 Qb6 36. Ba2 Qc6 37. Bd5 Qd7 38. Ba2 Rac6 39. Rb2 Qc8 40. Bb1 Qd7 41. Ba2
Bg5 42. Kh1 Be3 43. Qe2 Rf6 44. Rf1 Rcc6 45. Rbb1 Qc7 46. Rb2 Bc1 47. Rxc1 Rg6
48. Rf1 Rcf6 49. Rbb1 Bc8 50. Rf2 Rxf2 51. Qxf2 Rf6 52. Qe2 Rc6 53. Rc1 Qd8 54.
Rf1 Qh4 55. Nf3 Qh5 56. Nxd4 Qxe2 57. Nxe2 Rxc2 58. Nc1 Nxd3 59. Bxf7+ 1-0